Otázky merania chudoby zborník
Na minha lista:
| Outros Autores: | |
|---|---|
| Formato: | Livro |
| Idioma: | eslovaco |
| Publicado em: |
Bratislava
Friedrich Ebert Stiftung
2004
|
| Assuntos: | |
| Tags: |
Sem tags, seja o primeiro a adicionar uma tag!
|
MARC
| LEADER | 00000nam$a2200000$$$4500 | ||
|---|---|---|---|
| 001 | 0025419 | ||
| 005 | 20240104094902.6 | ||
| 020 | |a 80-89149-02-2 | ||
| 041 | 0 | |a slo | |
| 044 | |a SK | ||
| 245 | 1 | 0 | |a Otázky merania chudoby |b zborník |c zostavila: Miriam Šebová |
| 264 | 1 | |a Bratislava |b Friedrich Ebert Stiftung |c 2004 | |
| 300 | |a 112 s. | ||
| 610 | 2 | 0 | |a chudoba |
| 610 | 2 | 0 | |a úroveň životná |
| 610 | 2 | 0 | |a javy ekonomické |
| 610 | 2 | 0 | |a minimum existenčné |
| 610 | 2 | 0 | |a situácia sociálna |
| 610 | 2 | 0 | |a problémy spoločenské |
| 610 | 2 | 0 | |a prejavy |
| 610 | 2 | 0 | |a podmienky sociálne |
| 610 | 2 | 0 | |a podmienky životné |
| 610 | 2 | 0 | |a Slovensko |
| 610 | 2 | 0 | |a Európska únia |
| 700 | 1 | |a Šebová, Miriam | |